| 000 | 00463nab a2200145Ia 4500 | ||
|---|---|---|---|
| 003 | ES-SlBCS | ||
| 005 | 20210601125238.0 | ||
| 008 | 140529s1977 xxu||||| |||| 00| 0 eng d | ||
| 041 | _aeng | ||
| 100 | 1 |
_aKelly, Derek A. _950179 |
|
| 245 | 0 | 4 |
_aThe Categorical Structure of Popper's Metaphysics _c Derek A. Kelly |
| 650 | 0 | 4 |
_aEstructura Categórica _9155917 |
| 773 | 0 |
_tPhilosophy and Phenomenological Research _gvol. 38, 1977, págs. 82-99 _wRev1411 |
|
| 942 | _cAR | ||
| 999 |
_c527166 _d527166 |
||